Students' hand book of business law/ (Record no. 140777)

MARC details
000 -LEADER
fixed length control field 00595nam a22002057a 4500
005 - DATE AND TIME OF LATEST TRANSACTION
control field 20230801110016.0
010 ## - LCCN (DPL NO)
LC control number ENG-118534 ENG-137380
020 ## - INTERNATIONAL STANDARD BOOK NUMBER
International Standard Book Number 9788192060875
Terms of availability 290.00
020 ## - INTERNATIONAL STANDARD BOOK NUMBER
International Standard Book Number 9788192060875
Terms of availability 370.00
035 ## - SYSTEM CONTROL NUMBER
System control number EN-102066
035 ## - SYSTEM CONTROL NUMBER
System control number EN-120912
037 ## - SOURCE OF ACQUISITION
Source of stock number/acquisition DBAD/PUB
082 ## - DEWEY DECIMAL CLASSIFICATION NUMBER
Classification number 346.07
100 ## - MAIN ENTRY--PERSONAL NAME
Personal name Prasad, G
245 ## - TITLE STATEMENT
Title Students' hand book of business law/
Statement of responsibility, etc by G. Prasad
260 ## - PUBLICATION, DISTRIBUTION, ETC. (IMPRINT)
Place of publication, distribution, etc A.P.
Name of publisher, distributor, etc jai Bharth Publishers
Date of publication, distribution, etc 2012
270 ## - ADDRESS
Address 2/18 Brodiepet, Guntur
City A.P.
Postal code 522002
300 ## - PHYSICAL DESCRIPTION
Extent Multi Pages.
Dimensions 24cm(pbk)
942 ## - ADDED ENTRY ELEMENTS (KOHA)
Source of classification or shelving scheme Dewey Decimal Classification
Item type English Books
Call number suffix PRA
Classification part 346.07
Holdings
Withdrawn status Lost status Not for loan Collection code Home library Current library Date acquired Source of acquisition Cost, normal purchase price Full call number Barcode Copy number Cost, replacement price Koha item type
      Non-fiction Ashok Vihar Ashok Vihar 01/08/2023 DBAD/PUB 370.00 346.07 PRA EN-120912 1 370.00 English Books
  Lost and Paid For   Non-fiction Bawana Bawana 06/06/2017 DBAD/PUB 290.00 346.07 PRA EN-102066 1 290.00 English Books

© Delhi Public Library
Hit Counter
free hit counter